000
00489nam a2200181Ia 4500
008
090124s9999 xx 000 0 und d
082
_b
128683
100
_a
सावंत हेमंत द.
245
_a
मर्मभेद
250
_a
1
260
_c
1999
300
_a
512
600
_a
सावंत हेमंत द.
630
_a
मर्मभेद
700
_a
सावंत हेमंत द.
730
_a
मर्मभेद
942
_c
BOOK
999
_c
174772
_d
174772